000 01272nam a2200337 i 4500
001 000021799
003 DO-SdBNP
005 20250924073802.0
007 ta
008 100913s1979 dr 000 0 spa d
040 _aDO-SdBNP
_bspa
_cBNPHU
_erda
049 _aBNPD
082 4 _a972.85051
_bG464j
_222
100 1 _aGilbert, Gregorio Urbano,
_d1898-1970
_945277
_eautor
245 1 0 _aJunto a Sandino /
_cGregorio Urbano Gilbert ; presentación, Antonio Rosario.
264 _aSanto Domingo :
_bUniversidad Autónoma de Santo Domingo,
_c1979.
300 _a315 páginas ;
_c25 cm.
336 _atexto
_btxt
_2rdacontent
337 _asin mediación
_bn
_2rdamedia
338 _avolumen
_bnc
_2rdacarrier
490 1 _aPublicaciones de la Universidad Autónoma de Santo Domingo
_v265
490 1 _aHistoria y Sociedad
_v3
590 _aInventariado, 2024/BT
600 1 4 _aSandino, Augusto César,
_x1895-1934
_945278
600 1 4 _aUrbano Gilbert, Gregorio,
_d1898-1970
_xCorrespondencia, Memorias, Etc.
_945279
651 4 _aNicaragua
_xHistoria
_y1909-1937
_916797
700 1 _aRosario, Antonio,
_922267
_epresentación
830 _aPublicaciones de la Universidad Autónoma de Santo Domingo
_v265
_952
830 0 _aHistoria y Sociedad
_n3
_945280
942 _2ddc
_cLBS1
999 _c21297
_d21297